Faculty of Law Library — Cairo University

Official Online Catalog

Code expliqué de la presse : (Record no. 72331)

MARC details
000 -LEADER
fixed length control field 01279nam a22003257i 4500
003 - CONTROL NUMBER IDENTIFIER
control field EG-GICUC
005 - DATE AND TIME OF LATEST TRANSACTION
control field 20260420163156.0
008 - FIXED-LENGTH DATA ELEMENTS--GENERAL INFORMATION
fixed length control field 260420s1911 fr fr|||| 001 0 fre d
040 ## - CATALOGING SOURCE
Original cataloging agency EG-GiCUC
Language of cataloging fre
Transcribing agency EG-GiCUC
Modifying agency EG-GiCUC
Description conventions Rda
041 ## - LANGUAGE CODE
Language code of text/sound track or separate title fre
082 04 - DEWEY DECIMAL CLASSIFICATION NUMBER
Edition number 21
Classification number 343.8
Item number BA . C
092 04 - LOCALLY ASSIGNED DEWEY CALL NUMBER (OCLC)
Edition number 21
099 ## - LOCAL FREE-TEXT CALL NUMBER (OCLC)
Classification number Law1 10 343.8 BA . C 1 Ed - 1911
100 1# - MAIN ENTRY--PERSONAL NAME
Personal name Barbier, Georges.
Relator term Auteur
245 ## - TITLE STATEMENT
Title Code expliqué de la presse :
Remainder of title traité général de la police de la presse et des délits de publication,
Number of part/section of a work TOME SECOND/
Statement of responsibility, etc. par M. Georges Barbier ; par Paul Matter et J. Rondelet.
250 ## - EDITION STATEMENT
Edition statement Deuxième édition,
Remainder of edition statement complètement refondue et mise au courant de la doctrine, de la législation et de la jurisprudence.
264 ## - PRODUCTION, PUBLICATION, DISTRIBUTION, MANUFACTURE, AND COPYRIGHT NOTICE
Place of production, publication, distribution, manufacture Paris :
Name of producer, publisher, distributor, manufacturer Marchal & Billard : Marchal,
Date of production, publication, distribution, manufacture, or copyright notice 1911.
300 ## - PHYSICAL DESCRIPTION
Extent 514 page :
Other physical details illustration ;
Dimensions 24 cm.
336 ## - CONTENT TYPE
Source rda contenu
Content type term texte
337 ## - MEDIA TYPE
Source rda medias
Media type term Ordinateur
338 ## - CARRIER TYPE
Source transporteur rda
Carrier type term Ressource en ligne
504 ## - BIBLIOGRAPHY, ETC. NOTE
Bibliography, etc. note Comprend des références bibliographiques.<br/><br/>
650 1# - SUBJECT ADDED ENTRY--TOPICAL TERM
Topical term or geographic name entry element Droit pénal.
Source of heading or term qrmak
651 1# - SUBJECT ADDED ENTRY--GEOGRAPHIC NAME
Source of heading or term qrmak
700 1# - ADDED ENTRY--PERSONAL NAME
Personal name Matter, Paul.
Relator term Auteur
700 1# - ADDED ENTRY--PERSONAL NAME
Personal name Rondelet,
Relator term Auteur
856 40 - ELECTRONIC LOCATION AND ACCESS
Uniform Resource Identifier <a href="https://fll.law.cu.edu.eg/fulltext/bks/B10-10590.pdf">https://fll.law.cu.edu.eg/fulltext/bks/B10-10590.pdf</a>
905 ## - Cataloger and Reviser Names
Cataloger Name: Ganna Ahmed
942 ## - ADDED ENTRY ELEMENTS (KOHA)
Source of classification or shelving scheme Dewey Decimal Classification
Koha item type Books
Edition 21
Suppress in OPAC No
Holdings
Withdrawn status Lost status Source of classification or shelving scheme Damaged status Not for loan Collection Home library Current library Date acquired Total checkouts Full call number Barcode Date last seen Copy number Price effective from Koha item type
    Dewey Decimal Classification   Not for loan القانون الجنائي جــــامعة القــاهرة مكتبة كلية الحقوق - المبنى الرئيسي 20.04.2026   Law1 10 343.8 BA . C 1 Ed - 1911 1010590 C1 B10-10590 20.04.2026 1 20.04.2026 Books

© All rights reserved — Faculty of Law, Cairo University